Southville International School and Colleges
Your cart is empty.
  • Cart
  • Lists
    Public lists Eva Luna New books Lux_list list_1
    Your lists Log in to create your own lists
  • Log in to your account
  • Your cookies
  • Search history
Southville International School and Colleges
  • Advanced search
  • Recent comments
  • Most popular
  • Libraries

Log in to your account

Log in with GOOGLE


If you do not have an external account, but do have a local account, you can still log in:

  1. Home
  2. MARC view: Curious George goes to the hospital /
Normal view MARC view ISBD view

Curious George goes to the hospital / (Record no. 113379)

[ view plain ]
MARC details
000 -LEADER
fixed length control field 00511nam a2200193 a 4500
001 - CONTROL NUMBER
control field 2982
005 - DATE AND TIME OF LATEST TRANSACTION
control field 20140414132016.0
008 - FIXED-LENGTH DATA ELEMENTS--GENERAL INFORMATION
fixed length control field 051130s19uu xx 00 eng d
020 ## - INTERNATIONAL STANDARD BOOK NUMBER
International Standard Book Number 0-590-03426-X
050 ## - LIBRARY OF CONGRESS CALL NUMBER
Classification number TR
Item number C93 1966H
100 ## - MAIN ENTRY--PERSONAL NAME
Personal name Rey, H. A.
245 ## - TITLE STATEMENT
Title Curious George goes to the hospital /
Statement of responsibility, etc by H. A. Rey.
260 ## - PUBLICATION, DISTRIBUTION, ETC. (IMPRINT)
Place of publication, distribution, etc New York :
Name of publisher, distributor, etc Scholastic,
Date of publication, distribution, etc 1966.
300 ## - PHYSICAL DESCRIPTION
Extent 1 v. p. ; cm.
440 ## - SERIES STATEMENT/ADDED ENTRY--TITLE
Title Curious George
650 ## - SUBJECT ADDED ENTRY--TOPICAL TERM
Topical term or geographic name as entry element Hospital
General subdivision Fiction.
650 ## - SUBJECT ADDED ENTRY--TOPICAL TERM
Topical term or geographic name as entry element Children stories.
Holdings
Withdrawn status Lost status Damaged status Use restrictions Home library Current library Shelving location Date acquired Source of acquisition Cost, normal purchase price Total Checkouts Full call number Barcode Date last seen Price effective from Koha item type
        Munich Library Munich Library Teachers Reference Section 11/30/2005   140.00   TR C93 1966H M4937 04/14/2014 04/14/2014 Books

Curious George goes to the hospital /

APA

Rey H. A., . (1966). Curious George goes to the hospital. New York: Scholastic.

Chicago

Rey H A, . 1966. Curious George goes to the hospital. New York: Scholastic.

Harvard

Rey H. A., . (1966). Curious George goes to the hospital. New York: Scholastic.

MLA

Rey H A, . Curious George goes to the hospital. New York: Scholastic. 1966.

  • Place hold
  • Print
  • Cite
  • Add to your cart (remove)
  • Save record
    BIBTEX Dublin Core MARCXML MARC (non-Unicode/MARC-8) MARC (Unicode/UTF-8) MARC (Unicode/UTF-8, Standard) MODS (XML) RIS
  • More searches
    Search for this title in:
    Other Libraries (WorldCat) Other Databases (Google Scholar) Online Stores (Bookfinder.com) Open Library (openlibrary.org)

Exporting to Dublin Core...

SOUTHVILLE LIBRARY

Southville International School and Colleges Library

1281 Tropical Ave. Cor. Luxembourg St., BF Homes International, Las Pinas City

Tel. No. 8256374 / 252358 Loc. 117/146

Powered by Koha